• 首页
  • 本馆介绍
  • 公告通知
  • 最新文献
  • 馆藏检索
  • 电子资源
  • 读者导购
  • 参考咨询
  • 我的图书馆
  • 登录
  • 详细信息显示
  • 放入我的书架
  • 预约/预借图书
  • 作者相关作品
  • 分类相关作品
  • 丛书相关作品
  • 出版社相关作品

书目信息

  • 表格格式
  • 工作单格式
  • 卡片格式
题名:
让思索跨越海洋
    
 
作者: 孙大虹 著
分册:  
出版信息: 北京   中国人民公安大学出版社  2003.01
页数: 50+22页
开本: 26cm
丛书名:
单 册:
中图分类: D771.235
科图分类:
主题词: 政治
电子资源:
ISBN: 7-81087-162-5
000 00700nam0 2200217 450
001 0750974998
005 20071215202124.08
010    @a7-81087-162-5@dCNY38.00
100    @a20071118d2003 km y0chiy0120 ea
101 0  @achi
102    @aCN@b110000
200 1  @a让思索跨越海洋@Arang si suo kua yue hai yang@e中国高级警官出访澳美手记@f孙大虹著@Fsun da hong zhu
210    @a北京@c中国人民公安大学出版社@d2003.01
215    @a50+22页@d26cm
517 1  @a中国高级警官出访澳美手记@Azhong guo gao ji jing guan chu fang ao mei shou ji
606 0  @a政治
690    @aD771.235@v4
701  0 @a孙大虹@Asun da hong@4著
801  0 @aCN@bNISOFT@c20071215
905    @aBZT@dD771.235@e2
906    @dCNY38.00@n0@r1
    
    让思索跨越海洋:中国高级警官出访澳美手记/孙大虹著.-北京:中国人民公安大学出版社,2003.01
    50+22页;26cm
    
    
    ISBN 7-81087-162-5:CNY38.00
    
●
相关链接 在五车中查询图书 在当当中查询图书 在豆瓣中查询图书


正题名:让思索跨越海洋     索取号:D771.235/2         预约/预借

序号 登录号 条形码 馆藏地/架位号 状态 备注
1 627225   2000627225   中心书库南/012架A面7层2列/ [索取号:D771.235/2] 在馆    
2 627226   2000627226   中心书库南/012架A面7层2列/ [索取号:D771.235/2] 在馆    
3 627227   2000627227   中心书库南/012架A面7层2列/ [索取号:D771.235/2] 在馆    
4 627228   2000627228   中心书库南/012架A面7层2列/ [索取号:D771.235/2] 在馆    
5 627229   2000627229   中心书库南/012架A面7层2列/ [索取号:D771.235/2] 在馆    
6 627230   2000627230   中心书库南/012架A面7层2列/ [索取号:D771.235/2] 在馆    
7 627231   2000627231   中心书库南/012架A面7层2列/ [索取号:D771.235/2] 在馆    
8 627232   2000627232   中心书库南/012架A面7层2列/ [索取号:D771.235/2] 在馆    
9 627233   2000627233   中心书库南/012架A面7层2列/ [索取号:D771.235/2] 在馆    
10 627234   2000627234   中心书库南/012架A面7层2列/ [索取号:D771.235/2] 在馆    
山东省滨州职业学院图书馆 欢迎您!
大连网信软件有限公司© 版权所有